Drilling and surfacing practice : (Record no. 183590)

000 -LEADER
fixed length control field 00676 a2200181 4500
003 - CONTROL NUMBER IDENTIFIER
control field Nust
005 - DATE AND TIME OF LATEST TRANSACTION
control field 20230320111116.0
040 ## - CATALOGING SOURCE
Transcribing agency Nust
082 ## - DEWEY DECIMAL CLASSIFICATION NUMBER
Classification number 621.952,COL
100 ## - MAIN ENTRY--PERSONAL NAME
Personal name Fred H. Colvin
9 (RLIN) 110598
245 ## - TITLE STATEMENT
Title Drilling and surfacing practice :
Remainder of title Drilling, reaming, tapping, planing, shaping, slotting, milling and broaching /
Statement of responsibility, etc. Fred H Colvin,
250 ## - EDITION STATEMENT
Edition statement 3rd ed,
260 ## - PUBLICATION, DISTRIBUTION, ETC.
Place of publication, distribution, etc. New York
Name of publisher, distributor, etc. Mc Graw-Hill
Date of publication, distribution, etc. 1948
300 ## - PHYSICAL DESCRIPTION
Extent 523p
505 ## - FORMATTED CONTENTS NOTE
Formatted contents note Drilling (Page-3), Reaming and Tapping (Page-90), Planers and Shapers (Page-133), Milling (Page-200), Milling Cutters (Page-348), Broaching (Page-428).
650 ## - SUBJECT ADDED ENTRY--TOPICAL TERM
Topical term or geographic name entry element Drilling and surfacing practice
9 (RLIN) 110599
942 ## - ADDED ENTRY ELEMENTS (KOHA)
Source of classification or shelving scheme
Koha item type Book
Holdings
Withdrawn status Lost status Source of classification or shelving scheme Damaged status Not for loan Permanent Location Current Location Shelving location Date acquired Full call number Barcode Date last seen Price effective from Koha item type Public note
          Military College of Signals (MCS) Military College of Signals (MCS) General Stacks 12/12/2016 621.952,COL MCS6155 12/08/2016 12/12/2016 Book Almirah No.74, Shelf No.6
© 2023 Central Library, National University of Sciences and Technology. All Rights Reserved.